Filmographie Tony Scott - Statistiques

Statistiques générales
  • Ce quiz a été pris 8 fois
  • Le résultat moyen est 9 sur 16
Statistiques - réponses
Année Films % Correct
1993 True Romance
100%
2005 Domino
83%
2009 L'Attaque du métro 123
83%
2004 Man on Fire
83%
1998 Ennemi d'État
67%
1991 Le Dernier Samaritain
67%
1986 Top Gun
67%
2010 Unstoppable
67%
2006 Déjà vu
50%
1987 Le Flic de Beverly Hills 2
50%
1995 USS Alabama
50%
1990 Jours de tonnerre
33%
1996 Le Fan
33%
1983 Les Prédateurs
33%
2001 Spy Game : Jeu d'espions
33%
1990 Revenge
17%
Aucun quiz correspondant
Distribution des résultats
% des personnes avec chaque résultat
Percentile par nombre de réponses
Votre historique - résultats
Vous n’avez pas pris ce quiz